书目信息 |
| 题名: |
工业用水处理设施设计计算
|
|
| 作者: | 崔玉川 , 李思敏 , 李福勤 编 | |
| 分册: | ||
| 出版信息: | 北京 化学工业出版社 2003.06 |
|
| 页数: | 401页 | |
| 开本: | 19cm | |
| 丛书名: | 水处理设施设计计算丛书 | |
| 单 册: | ||
| 中图分类: | TU991.4 | |
| 科图分类: | ||
| 主题词: | 给水工程:市政工程 , 城市供水系统 | |
| 电子资源: | ||
| ISBN: | 7-5025-4453-4 | |
| 000 | 00803nam0 2200253 45 | |
| 001 | 0438146154 | |
| 005 | 2004042810354476 | |
| 010 | @a7-5025-4453-4@dCNY 28.00 | |
| 100 | @a20040428d2003 km y0chiy0120 ea | |
| 101 | 0 | @achi |
| 102 | @aCN@b110000 | |
| 200 | 1 | @a工业用水处理设施设计计算@AGong Ye Yong Shui Chu Li She Shi She Ji Ji Suan@f崔玉川,李思敏,李福勤编@Fcui yu chuan,li si min,li fu qin bian |
| 210 | @a北京@c化学工业出版社@d2003.06 | |
| 215 | @a401页@d19cm | |
| 225 | 2 | @a水处理设施设计计算丛书 |
| 410 | 0 | @12001 @a水处理设施设计计算丛书 |
| 606 | 0 | @a给水工程:市政工程 |
| 606 | 0 | @a城市供水系统 |
| 690 | @aTU991.4@v3 | |
| 701 | 0 | @a崔玉川@Acui yu chuan@4编 |
| 701 | 0 | @a李思敏@Ali si min@4编 |
| 701 | 0 | @a李福勤@Ali fu qin@4编 |
| 801 | 0 | @aCN@bPFT@c20040428 |
| 905 | @dTU991.4@eC978 | |
| 工业用水处理设施设计计算/崔玉川,李思敏,李福勤编.-北京:化学工业出版社,2003.06 |
| 401页;19cm.-(水处理设施设计计算丛书) |
| ISBN 7-5025-4453-4:CNY 28.00 |
| ● |
| 相关链接 |
|
|
|
正题名:工业用水处理设施设计计算
索取号:TU991.4/C978
 
预约/预借
| 序号 | 登录号 | 条形码 | 馆藏地/架位号 | 状态 | 备注 |
| 1 | 391440 | 203914407 | 市政与环境工程学院资料室/101建筑库 97排3列4层/ [索取号:TU991.4/C978] | 在馆 | |
| 2 | 391441 | 203914416 | 建筑库201/201建筑库 134排2列1层/ [索取号:TU991.4/C978] | 在馆 | |
| 3 | 391442 | 203914425 | 建筑库201/201建筑库 134排2列1层/ [索取号:TU991.4/C978] | 在馆 |